| 000 | 00360nam a2200145Ia 4500 | ||
|---|---|---|---|
| 008 | 230917s9999||||xx |||||||||||||| ||und|| | ||
| 040 |
_e155561 _aMAIN |
||
| 041 | _aEnglish | ||
| 082 | _a515.7 C769C | ||
| 100 | _aConway, John B | ||
| 245 | 0 | _aCourse in functional analysis | |
| 260 |
_aNew Delhi _bSpringer (India) _c2010 |
||
| 300 | _a399 p. | ||
| 942 | _cBK | ||
| 999 |
_c142647 _d142647 |
||